000 00723cam a2200217 a 4500
001 000006153
005 20200929151944.0
008 040620s2001 pr 001 p spa
020 _a1881715884
040 _aDO-SdBNP
_cDLC
082 _aPR861.5
_bN682m
100 1 _aNieves Mieles, Edgardo,
_d1957-
_917284
245 1 4 _aLas muchas aguas no podrán apagar el amor :
_bantología /
_cEdgardo Nieves Mieles.
260 _aSan Juan, Puerto Rico :
_bIsla Negra,
_c2001.
300 _a129 p. ;
_c22 cm.
490 1 _aEl canon secuestrado
650 4 _aPoesía puertorriqueña
_91015
650 4 _aLiteratura puertorriqueña
_ySIGLO XXI
_95259
830 0 _aEl canon secuestrado.
_96917
910 _aCatalogación por copia / LC
999 _c5949
_d5949